Aditya Sivakumar

UC Berkeley C


Categories

Mythology0501505396.4015
Science - Other Science0300305260.6733
History - Other History0200204553.0022
Fine Arts - Painting & Sculpture0100107676.0001
Literature - World Literature010110147147.0001
Philosophy010110124124.0001
Science - Biology01210123123.0001
Science - Chemistry012004444.0011
History - American History0010-50.0000
Social Science0010-50.0000

Buzzes

Science - Biologygravity-539
Science - Chemistrystereoselectivity1044
History - Other Historythe Warring States period1045
Science - Biologycapsaicin-546
History - American HistoryDole plc-546
Science - Chemistryhydrides-550
Science - Other Scienceconcrete1052
Mythologybows1053
History - Other Historywine1061
Science - Other Scienceiron1063